Sefer Shee̕lot u-teshuvot mayim ḥayim / (Record no. 32745)

MARC details
000 -LEADER
fixed length control field 01056cam a22002771a 4500
001 - CONTROL NUMBER
control field he 67002215
003 - CONTROL NUMBER IDENTIFIER
control field DLC
005 - DATE AND TIME OF LATEST TRANSACTION
control field 20260227111451.0
008 - FIXED-LENGTH DATA ELEMENTS--GENERAL INFORMATION
fixed length control field 910923r19671857is 000 0 hebr
010 ## - LIBRARY OF CONGRESS CONTROL NUMBER
LC control number he 67002215
035 ## - SYSTEM CONTROL NUMBER
System control number (OCoLC)24434480
040 ## - CATALOGING SOURCE
Original cataloging agency DLC
Transcribing agency CLU
Modifying agency DLC
042 ## - AUTHENTICATION CODE
Authentication code premarc
050 00 - LIBRARY OF CONGRESS CALL NUMBER
Classification number BM522.8
Item number .A697 1967
100 1# - MAIN ENTRY--PERSONAL NAME
Personal name Rapaport, Ḥayyim ben Dov,
Titles and words associated with a name ha-Kohen,
Dates associated with a name -1839.
245 10 - TITLE STATEMENT
Title Sefer Shee̕lot u-teshuvot mayim ḥayim /
Statement of responsibility, etc. hekhinam ve-gam ḥakram Ḥayim Kohen Rapoport.
260 ## - PUBLICATION, DISTRIBUTION, ETC.
Place of publication, distribution, etc. [Tel Aviv?] :
Name of publisher, distributor, etc. Yad Daṿid,
Date of publication, distribution, etc. [1967?]
300 ## - PHYSICAL DESCRIPTION
Extent 2 v. in 1 ;
Dimensions 28 cm.
500 ## - GENERAL NOTE
General note Reprint. Originally published: Zhitomir : Ḥanina Lipa ṿe Yehoshu'a Heshil Shapira, 617, 1857.
500 ## - GENERAL NOTE
General note "Ḳunṭres otsrot ḥayim ; ḥidushe torah" (p. [125]-151 at end) has special t.p.
650 #0 - SUBJECT ADDED ENTRY--TOPICAL TERM
Topical term or geographic name entry element Responsa
Chronological subdivision 1800-1948.
630 00 - SUBJECT ADDED ENTRY--UNIFORM TITLE
Uniform title Bible.
Name of part/section of a work Pentateuch
Form subdivision Commentaries.
700 1# - ADDED ENTRY--PERSONAL NAME
Personal name Rapaport, Ḥayyim ben Dov,
Titles and other words associated with a name ha-Kohen,
Dates associated with a name -1839.
Title of a work Otsrot Ḥayim.
740 0# - ADDED ENTRY--UNCONTROLLED RELATED/ANALYTICAL TITLE
Uncontrolled related/analytical title Mayim ḥayim.
740 0# - ADDED ENTRY--UNCONTROLLED RELATED/ANALYTICAL TITLE
Uncontrolled related/analytical title Shee̕lot u-teshuvot mayim ḥayim.

No items available.

Powered by Koha